000
00250nam a22001217a 4500
008
181219b xxu||||| |||| 00| 0 eng d
041
_a
eng
080
_a
710
100
_a
43
101
_a
Art
245
_a
Home of Art
_c
Letitia.b
942
_2
udc
_c
BK
999
_c
53483
_d
53483